[Event "RUS-chT Rapid Men 2018"]
[Site "Sochi"]
[Date "2018.10.08"]
[Round "5"]
[White "Truskavetsky, Alexandr"]
[Black "Rozum, Ivan"]
[Result "0-1"]
[WhiteElo "2393"]
[BlackElo "2573"]
[Annotator "ChessBase"]
[PlyCount "124"]
[EventDate "2018.10.05"]
[EventType "swiss"]
[EventCountry "RUS"]
[SourceTitle "playchess.com"]
[Source "ChessBase"]
[SourceQuality "1"]
[TimeControl "900+10"]

1. d4 {[%emt 0:00:00]} Nf6 {[%emt 0:00:00]} 2. c4 {[%emt 0:00:00]} e6 {[%emt 0:00:00]} 3. g3 {[%emt 0:00:00]} d5 {[%emt 0:00:00]} 4. Nf3 {[%emt 0:00:01]} Bb4+ {[%emt 0:00:00]} 5. Bd2 {[%emt 0:00:04]} Bd6 {[%emt 0:00:00]} 6. Bg2 {[%emt 0:00:15]} O-O {[%emt 0:00:04]} 7. O-O {[%emt 0:00:04]} c6 {[%emt 0:00:03]} 8. Bg5 {[%emt 0:00:34]} Nbd7 {[%emt 0:00:18]} 9. Nc3 {[%emt 0:00:59]} h6 {[%emt 0:00:45]} 10. Bxf6 {[%emt 0:00:03]} Nxf6 {[%emt 0:00:02]} 11. Nd2 {[%emt 0:01:49]} Bc7 {[%emt 0:03:40]} 12. e4 {[%emt 0:00:47]} dxe4 {[%emt 0:00:55]} 13. Ndxe4 {[%emt 0:00:03]} Nxe4 {[%emt 0:00:02]} 14. Nxe4 {[%emt 0:01:48]} e5 {[%emt 0:00:01]} 15. d5 {[%emt 0:00:32]} cxd5 {[%emt 0:00:02]} 16. cxd5 {[%emt 0:00:13]} Bb6 {[%emt 0:00:04]} 17. Qb3 {[%emt 0:00:47]} Bd4 {[%emt 0:00:22]} 18. Nc3 {[%emt 0:02:24]} Qb6 {[%emt 0:00:25]} 19. Qxb6 {[%emt 0:01:38]} axb6 {[%emt 0:00:07]} 20. Rfd1 {[%emt 0:00:28]} Bd7 {[%emt 0:00:38]} 21. Rd2 {[%emt 0:02:22]} Rfd8 {[%emt 0:00:14]} 22. Ne2 {[%emt 0:00:03]} Bc5 {[%emt 0:00:04]} 23. a3 {[%emt 0:00:01]} Bd6 {[%emt 0:02:00]} 24. Nc3 {[%emt 0:00:24]} f5 {[%emt 0:00:02]} 25. Re1 {[%emt 0:01:43]} Rac8 {[%emt 0:00:13]} 26. Bf1 {[%emt 0:00:05]} Rc5 {[%emt 0:00:06]} 27. f3 {[%emt 0:00:39]} Kf7 {[%emt 0:00:05]} 28. Bd3 {[%emt 0:00:03]} g6 {[%emt 0:00:19]} 29. Kg2 {[%emt 0:00:01]} Kf6 {[%emt 0:00:42]} 30. Rf2 {[%emt 0:00:02]} Re8 {[%emt 0:00:47]} 31. Rfe2 {[%emt 0:00:05]} Re7 {[%emt 0:00:01]} 32. h4 {[%emt 0:00:24]} h5 {[%emt 0:00:20]} 33. Bb1 {[%emt 0:00:09]} Rc8 {[%emt 0:00:19]} 34. Bd3 {[%emt 0:00:05]} Bxa3 {[%emt 0:00:38]} 35. d6 {[%emt 0:00:05]} Bxd6 {[%emt 0:00:48]} 36. Nd5+ {[%emt 0:00:01]} Kf7 {[%emt 0:00:04]} 37. Nxe7 {[%emt 0:00:46]} Kxe7 {[%emt 0:00:01]} 38. Rc2 {[%emt 0:01:18]} Bc6 {[%emt 0:00:02]} 39. b4 {[%emt 0:00:11]} b5 {[%emt 0:00:29]} 40. Rb1 {[%emt 0:00:24]} Ra8 {[%emt 0:00:43]} 41. Kf2 {[%emt 0:00:16]} Ra3 {[%emt 0:00:06]} 42. Be2 {[%emt 0:00:01]} e4 {[%emt 0:00:30]} 43. f4 {[%emt 0:00:15]} e3+ {[%emt 0:00:02]} 44. Kf1 {[%emt 0:00:10]} Be4 {[%emt 0:00:02]} 45. Rbc1 {[%emt 0:00:06]} Bxc2 {[%emt 0:00:15]} 46. Rxc2 {[%emt 0:00:01]} Rb3 {[%emt 0:00:34]} 47. Bxb5 {[%emt 0:00:01]} Rxb4 {[%emt 0:00:02]} 48. Bd3 {[%emt 0:00:09]} b6 {[%emt 0:00:26]} 49. Ke2 {[%emt 0:00:01]} Bc5 {[%emt 0:00:01]} 50. Ra2 {[%emt 0:00:07]} Kd6 {[%emt 0:00:04]} 51. Kf3 {[%emt 0:00:13]} Rb3 {[%emt 0:00:04]} 52. Be2 {[%emt 0:00:03]} Rb1 {[%emt 0:01:34]} 53. Ra8 {[%emt 0:00:03]} b5 {[%emt 0:00:21]} 54. Rg8 {[%emt 0:00:15]} b4 {[%emt 0:00:02]} 55. Rxg6+ {[%emt 0:00:01]} Kd5 {[%emt 0:00:01]} 56. Rf6 {[%emt 0:00:17]} b3 {[%emt 0:00:04]} 57. Rxf5+ {[%emt 0:00:02]} Kd4 {[%emt 0:00:01]} 58. Re5 {[%emt 0:00:35]} b2 {[%emt 0:00:20]} 59. Rxe3 {[%emt 0:00:09]} Rd1 {[%emt 0:00:38]} 60. Re4+ {[%emt 0:00:18]} Kd5 {[%emt 0:00:13]} 61. Bc4+ {[%emt 0:00:11]} Kd6 {[%emt 0:00:04]} 62. Ba2 {[%emt 0:00:31]} Ra1 {[%emt 0:00:02]} 0-1

[Event "RUS-chT Rapid Men 2018"]
[Site "Sochi"]
[Date "2018.10.08"]
[Round "5"]
[White "Tekeyev, Zaur"]
[Black "Sychev, Klementy"]
[Result "0-1"]
[WhiteElo "2392"]
[BlackElo "2534"]
[Annotator "ChessBase"]
[PlyCount "88"]
[EventDate "2018.10.05"]
[EventType "swiss"]
[EventCountry "RUS"]
[SourceTitle "playchess.com"]
[Source "ChessBase"]
[SourceQuality "1"]
[TimeControl "900+10"]

1. e4 {[%emt 0:00:00]} c5 {[%emt 0:00:00]} 2. Nf3 {[%emt 0:00:00]} d6 {[%emt 0:00:00]} 3. Bb5+ {[%emt 0:00:11]} Nd7 {[%emt 0:00:23]} 4. a4 {[%emt 0:00:27]} Ngf6 {[%emt 0:00:07]} 5. Nc3 {[%emt 0:00:01]} g6 {[%emt 0:00:20]} 6. a5 {[%emt 0:00:06]} Bg7 {[%emt 0:00:36]} 7. a6 {[%emt 0:00:09]} O-O {[%emt 0:00:07]} 8. O-O {[%emt 0:00:04]} Qb6 {[%emt 0:00:49]} 9. axb7 {[%emt 0:00:23]} Bxb7 {[%emt 0:00:02]} 10. d3 {[%emt 0:00:01]} Rfd8 {[%emt 0:00:10]} 11. Bc4 {[%emt 0:00:29]} e6 {[%emt 0:00:08]} 12. Re1 {[%emt 0:00:42]} h6 {[%emt 0:01:05]} 13. Bb3 {[%emt 0:02:32]} Ng4 {[%emt 0:00:23]} 14. Qe2 {[%emt 0:01:58]} Nge5 {[%emt 0:00:07]} 15. Be3 {[%emt 0:00:51]} Nxf3+ {[%emt 0:00:07]} 16. Qxf3 {[%emt 0:00:03]} Ne5 {[%emt 0:00:17]} 17. Qd1 {[%emt 0:02:36]} Nc6 {[%emt 0:00:01]} 18. Qd2 {[%emt 0:00:07]} Kh7 {[%emt 0:00:31]} 19. Rab1 {[%emt 0:03:07]} Nd4 {[%emt 0:01:06]} 20. Ba2 {[%emt 0:00:22]} Bc6 {[%emt 0:00:36]} 21. Nd1 {[%emt 0:00:38]} Rab8 {[%emt 0:01:02]} 22. b3 {[%emt 0:00:25]} d5 {[%emt 0:02:52]} 23. exd5 {[%emt 0:00:31]} Bxd5 {[%emt 0:00:21]} 24. c3 {[%emt 0:01:27]} Nf5 {[%emt 0:00:28]} 25. Bf4 {[%emt 0:00:35]} Rbc8 {[%emt 0:00:35]} 26. Ne3 {[%emt 0:00:27]} Ne7 {[%emt 0:01:53]} 27. Qc2 {[%emt 0:01:02]} Qb7 {[%emt 0:01:18]} 28. Nxd5 {[%emt 0:00:14]} Nxd5 {[%emt 0:00:05]} 29. Bd2 {[%emt 0:00:01]} Qa6 {[%emt 0:00:23]} 30. Ra1 {[%emt 0:00:09]} Ne7 {[%emt 0:00:22]} 31. b4 {[%emt 0:00:19]} Qxd3 {[%emt 0:00:16]} 32. Qxd3 {[%emt 0:00:03]} Rxd3 {[%emt 0:00:01]} 33. Be3 {[%emt 0:00:18]} cxb4 {[%emt 0:00:34]} 34. Bb1 {[%emt 0:00:07]} Rd7 {[%emt 0:00:36]} 35. Rxa7 {[%emt 0:00:08]} Rxa7 {[%emt 0:00:03]} 36. Bxa7 {[%emt 0:00:01]} bxc3 {[%emt 0:00:10]} 37. Rc1 {[%emt 0:00:16]} Nd5 {[%emt 0:00:18]} 38. Kf1 {[%emt 0:00:06]} h5 {[%emt 0:00:37]} 39. Be3 {[%emt 0:00:16]} Bf8 {[%emt 0:01:22]} 40. Bd4 {[%emt 0:00:16]} Bh6 {[%emt 0:00:30]} 41. Rc2 {[%emt 0:00:10]} Rb8 {[%emt 0:00:05]} 42. Ba2 {[%emt 0:00:10]} Nb4 {[%emt 0:00:01]} 43. Rxc3 {[%emt 0:00:05]} Nxa2 {[%emt 0:00:02]} 44. Rc7 {[%emt 0:00:06]} Kg8 {[%emt 0:00:05]} 0-1

[Event "RUS-chT Rapid Men 2018"]
[Site "Sochi"]
[Date "2018.10.08"]
[Round "5"]
[White "Kharitonov, Egor"]
[Black "Tenikashvili, Georgij"]
[Result "0-1"]
[WhiteElo "2387"]
[BlackElo "2361"]
[Annotator "NA"]
[PlyCount "82"]
[EventDate "2018.10.05"]
[EventType "swiss"]
[EventCountry "RUS"]
[SourceTitle "playchess.com"]
[Source "ChessBase"]
[SourceQuality "1"]
[TimeControl "900+10"]

1. d4 {[%emt 0:00:00]} d5 {[%emt 0:00:00]} 2. c4 {[%emt 0:00:00]} dxc4 {[%emt 0:00:00]} 3. e3 {[%emt 0:00:00]} e6 {[%emt 0:00:00]} 4. Bxc4 {[%emt 0:00:00]} Nf6 {[%emt 0:00:00]} 5. Nf3 {[%emt 0:00:00]} a6 {[%emt 0:00:03]} 6. O-O {[%emt 0:00:00]} c5 {[%emt 0:00:03]} 7. b3 {[%emt 0:00:03]} Be7 {[%emt 0:00:29]} 8. Bb2 {[%emt 0:00:02]} O-O {[%emt 0:00:35]} 9. Nbd2 {[%emt 0:00:03]} Nbd7 {[%emt 0:01:32]} 10. Rc1 {[%emt 0:00:13]} b5 {[%emt 0:00:06]} 11. Be2 {[%emt 0:00:05]} Bb7 {[%emt 0:00:06]} 12. a4 {[%emt 0:00:02]} Qb6 {[%emt 0:00:24]} 13. Ba3 {[%emt 0:00:41]} Rfc8 {[%emt 0:01:37]} 14. dxc5 {[%emt 0:01:30]} Bxc5 {[%emt 0:01:55]} 15. Bxc5 {[%emt 0:01:33]} Rxc5 {[%emt 0:02:04]} 16. Nd4 {[%emt 0:00:13]} Rxc1 {[%emt 0:01:42]} 17. Qxc1 {[%emt 0:00:04]} Rc8 {[%emt 0:00:05]} 18. Qb1 {[%emt 0:02:17]} b4 {[%emt 0:02:54]} 19. Nc4 {[%emt 0:00:04]} Qc5 {[%emt 0:00:13]} 20. Bf3 {[%emt 0:03:01]} Bd5 {[%emt 0:01:24]} 21. Be2 {[%emt 0:01:24]} Ne4 {[%emt 0:00:52]} 22. Qb2 {[%emt 0:02:51]} Nc3 {[%emt 0:00:24]} 23. Bd3 {[%emt 0:00:02]} e5 {[%emt 0:00:39]} 24. Nf5 {[%emt 0:00:45]} e4 {[%emt 0:00:11]} 25. Ncd6 {[%emt 0:00:15]} Rb8 {[%emt 0:01:02]} 26. Bxa6 {[%emt 0:00:30]} Be6 {[%emt 0:00:12]} 27. Ne7+ {[%emt 0:01:59]} Kf8 {[%emt 0:00:07]} 28. Nec8 {[%emt 0:00:05]} Qc7 {[%emt 0:00:29]} 29. Rc1 {[%emt 0:00:28]} Nc5 {[%emt 0:00:03]} 30. Nb5 {[%emt 0:01:20]} Qe5 {[%emt 0:00:27]} 31. Nxc3 {[%emt 0:00:14]} bxc3 {[%emt 0:00:02]} 32. Qxc3 {[%emt 0:00:03]} Qxc3 {[%emt 0:00:04]} 33. Rxc3 {[%emt 0:00:01]} Nxa6 {[%emt 0:00:04]} 34. Nd6 {[%emt 0:00:03]} Rd8 {[%emt 0:00:34]} 35. Rc6 {[%emt 0:00:14]} Nb4 {[%emt 0:00:05]} 36. Rb6 {[%emt 0:00:03]} Nd5 {[%emt 0:00:03]} 37. Ra6 {[%emt 0:00:04]} Ke7 {[%emt 0:00:22]} 38. Nxe4 {[%emt 0:00:04]} Nc7 {[%emt 0:00:06]} 39. Rxe6+ {[%emt 0:00:18]} Nxe6 {[%emt 0:00:05]} 40. f4 {[%emt 0:00:01]} Rd3 {[%emt 0:00:07]} 41. b4 {[%emt 0:00:02]} Rxe3 {[%emt 0:00:07]} 0-1

[Event "RUS-chT Rapid Men 2018"]
[Site "Sochi"]
[Date "2018.10.08"]
[Round "5"]
[White "Dilmukhametov, Artur"]
[Black "Lugovskoy, Maxim"]
[Result "1/2-1/2"]
[WhiteElo "2353"]
[BlackElo "2428"]
[Annotator "TA"]
[PlyCount "89"]
[EventDate "2018.10.05"]
[EventType "swiss"]
[EventCountry "RUS"]
[SourceTitle "playchess.com"]
[Source "ChessBase"]
[SourceQuality "1"]

{[%evp 43,89,90,62,0,36,0,122,134,119,108,125,0,0,0,0,0,227,98,104,0,0,0,0,0,0,0,0,0,0,0,0,0,0,0,0,0,0,0,0,0,0,0,0,0,0,0,0,0]} 1. e4 e6 2. d4 d5 3. Nd2 Nf6 4. e5 Nfd7 5. Bd3 c5 6. c3 Nc6 7. Ne2 cxd4 8. cxd4 f6 9. Nf4 Nxd4 10. Qh5+ Ke7 11. exf6+ Nxf6 12. Ng6+ hxg6 13. Qxh8 Kf7 14. Qh4 e5 15. Nf3 Nxf3+ 16. gxf3 Bf5 17. Bxf5 gxf5 18. Bg5 Qa5+ 19. Kf1 g6 {C06: French Tarrasch: 3...Nf6 4 e5 Nfd7 5 Bd3 main lines} 20. Qh8 Qa6+ 21. Kg2 Re8 22. Rac1 Be7 {LiveBook: 6 Games} 23. Qh4 (23. Qh6 $14) (23. Qh6 Qd6 24. Rc2 Bf8 25. Qh4 Bg7 26. Rhc1 Re7 27. Bxf6 Bxf6 {1-0 (51) Rublevsky,S (2702)-Volkov,S (2594) Dagomys 2009 CBM 130 [Ftacnik,L]}) 23... Qd6 24. Rc2 d4 $146 (24... Nh5 $1 $11 25. Bxe7 Rxe7) ({Predecessor:} 24... Nh5 25. Rhc1 Bxg5 26. Qxg5 Re7 27. Qh6 {1-0 (60) Schmidt,T (1924)-Rinck,M (1820) Oberhof 2013}) 25. Rhc1 $1 $16 d3 26. Rc7 e4 {Strongly threatening ...d2.} 27. Rxb7 (27. Bxf6 $16 Qxf6 28. Qxf6+ Kxf6 29. Rxb7) 27... d2 $36 {[%mdl 2048] Black is more active.} 28. Rd1 {Black must now prevent fxe4.} exf3+ 29. Kg1 Qa6 $2 {[#]} (29... Qd3 $11 30. b3 (30. Bxf6 $2 Qc2 $19) 30... Qe4 31. Qxe4 Nxe4) 30. Qb4 (30. Rd7 $1 $18 {[%mdl 512] and the rest is easy.}) 30... Qe2 $16 {[%cal Re2d1] [#]} 31. Qxd2 (31. Qb3+ $1 $16 Kg7 32. Bxf6+ (32. Bxd2 Ne4 $11) 32... Kxf6 33. Qc3+ Kg5 34. Qxd2+ Qxd2 35. Rxd2) 31... Qe4 $11 {The position is equal.} 32. Rxe7+ $1 Rxe7 33. h3 Rd7 34. Qxd7+ Nxd7 35. Rxd7+ {[%mdl 4096] Endgame KQ-KRB} Kf8 (35... Kg8 $5 36. Rd8+ $8 Kh7 37. Rd7+ Kg8 38. Rd8+ Kh7 39. Rd7+ Kg8 $11) 36. Rd8+ Kf7 37. Rd7+ Kf8 (37... Kg8 $5 38. Rd8+ $8 Kh7 39. Rd7+ Kh8 40. Rd8+ Kh7 41. Rd7+ Kg8 42. Rd8+ Kf7 43. Rd7+ $11) 38. Rd8+ Kf7 39. Rd7+ Kf8 40. Rd8+ Kf7 41. Rd7+ Kf8 42. Rd8+ Kf7 (42... Kg7 $5 43. Rd7+ $8 Kg8 44. Rd8+ Kh7 45. Rd7+ Kh8 46. Rd8+ Kh7 47. Rd7+ Kg8 48. Rd8+ Kh7 $11) 43. Rd7+ Kf8 44. Rd8+ Kf7 {( -> ...Qe1+)} 45. Rd7+ {Precision: White = 45%, Black = 44%.} 1/2-1/2

[Event "RUS-chT Rapid Men 2018"]
[Site "Sochi"]
[Date "2018.10.08"]
[Round "5"]
[White "Derjabin, Ilja"]
[Black "Belyakov, Bogdan"]
[Result "1-0"]
[WhiteElo "2345"]
[BlackElo "2458"]
[Annotator "ChessBase"]
[PlyCount "127"]
[EventDate "2018.10.05"]
[EventType "swiss"]
[EventCountry "RUS"]
[SourceTitle "playchess.com"]
[Source "ChessBase"]
[SourceQuality "1"]
[TimeControl "900+10"]

1. d4 {[%emt 0:00:00]} d5 {[%emt 0:00:00]} 2. c4 {[%emt 0:00:00]} dxc4 {[%emt 0:00:00]} 3. e3 {[%emt 0:00:00]} e5 {[%emt 0:00:10]} 4. Bxc4 {[%emt 0:00:02]} Nc6 {[%emt 0:00:21]} 5. d5 {[%emt 0:00:25]} Na5 {[%emt 0:00:08]} 6. Bb5+ {[%emt 0:01:09]} c6 {[%emt 0:00:02]} 7. dxc6 {[%emt 0:01:02]} Qxd1+ {[%emt 0:00:04]} 8. Kxd1 {[%emt 0:00:02]} Nxc6 {[%emt 0:00:03]} 9. Nf3 {[%emt 0:00:13]} f6 {[%emt 0:00:07]} 10. Nc3 {[%emt 0:00:15]} Be6 {[%emt 0:00:07]} 11. b3 {[%emt 0:00:57]} O-O-O+ {[%emt 0:00:21]} 12. Ke2 {[%emt 0:00:02]} Nb4 {[%emt 0:00:21]} 13. Rd1 {[%emt 0:02:32]} Rxd1 {[%emt 0:00:16]} 14. Kxd1 {[%emt 0:00:56]} a6 {[%emt 0:00:15]} 15. Bc4 {[%emt 0:00:21]} Bxc4 {[%emt 0:00:19]} 16. bxc4 {[%emt 0:00:01]} Nc6 {[%emt 0:04:32]} 17. Na4 {[%emt 0:01:23]} Bd6 {[%emt 0:01:20]} 18. e4 {[%emt 0:00:49]} Bc7 {[%emt 0:01:48]} 19. Be3 {[%emt 0:00:09]} Nge7 {[%emt 0:00:02]} 20. Ke2 {[%emt 0:00:52]} Rd8 {[%emt 0:00:43]} 21. Rd1 {[%emt 0:00:07]} Rxd1 {[%emt 0:00:11]} 22. Kxd1 {[%emt 0:00:02]} Nd8 {[%emt 0:00:59]} 23. Nb6+ {[%emt 0:01:04]} Bxb6 {[%emt 0:00:05]} 24. Bxb6 {[%emt 0:00:02]} Ne6 {[%emt 0:00:04]} 25. Nd2 {[%emt 0:00:46]} Kd7 {[%emt 0:00:29]} 26. Nb3 {[%emt 0:00:08]} Kc6 {[%emt 0:01:48]} 27. Be3 {[%emt 0:00:02]} Nc8 {[%emt 0:00:44]} 28. Kc2 {[%emt 0:00:21]} Nd6 {[%emt 0:00:29]} 29. Kd3 {[%emt 0:00:04]} b6 {[%emt 0:00:18]} 30. a4 {[%emt 0:00:15]} a5 {[%emt 0:00:03]} 31. f3 {[%emt 0:00:14]} h5 {[%emt 0:00:24]} 32. c5 {[%emt 0:01:01]} bxc5 {[%emt 0:00:16]} 33. Nxa5+ {[%emt 0:00:02]} Kb6 {[%emt 0:00:01]} 34. Nc4+ {[%emt 0:00:07]} Nxc4 {[%emt 0:00:11]} 35. Kxc4 Kc6 36. a5 {[%emt 0:00:39]} h4 {[%emt 0:00:25]} 37. h3 {[%emt 0:00:10]} g6 {[%emt 0:00:41]} 38. a6 {[%emt 0:00:08]} Kb6 {[%emt 0:00:03]} 39. Bxc5+ {[%emt 0:01:10]} Kxa6 {[%emt 0:00:02]} 40. Be3 {[%emt 0:00:02]} Nc7 {[%emt 0:00:32]} 41. Kc5 {[%emt 0:00:06]} Nb5 {[%emt 0:00:01]} 42. Kd5 {[%emt 0:00:18]} Nc7+ {[%emt 0:00:59]} 43. Kd6 {[%emt 0:00:08]} Kb7 {[%emt 0:00:01]} 44. Ke7 {[%emt 0:00:07]} f5 {[%emt 0:00:01]} 45. Kf6 {[%emt 0:00:10]} fxe4 {[%emt 0:00:01]} 46. fxe4 {[%emt 0:00:02]} Nb5 {[%emt 0:00:02]} 47. Kxe5 {[%emt 0:00:08]} Kc6 {[%emt 0:00:09]} 48. Bg5 {[%emt 0:00:09]} Nd6 {[%emt 0:00:41]} 49. Bxh4 {[%emt 0:00:07]} Kd7 {[%emt 0:00:01]} 50. Be1 {[%emt 0:00:29]} Nc4+ {[%emt 0:00:32]} 51. Kf6 {[%emt 0:00:11]} Ne3 {[%emt 0:00:02]} 52. g4 {[%emt 0:00:51]} Nc2 {[%emt 0:00:19]} 53. Bf2 {[%emt 0:00:06]} Nb4 {[%emt 0:00:03]} 54. Kxg6 {[%emt 0:00:15]} Ke6 {[%emt 0:00:01]} 55. h4 {[%emt 0:00:08]} Nc6 {[%emt 0:00:02]} 56. Bg3 {[%emt 0:00:10]} Ke7 {[%emt 0:00:02]} 57. h5 {[%emt 0:00:03]} Kf8 {[%emt 0:00:01]} 58. h6 {[%emt 0:00:06]} Kg8 {[%emt 0:00:02]} 59. Kf6 {[%emt 0:00:12]} Kh7 {[%emt 0:00:06]} 60. g5 {[%emt 0:00:03]} Nb4 {[%emt 0:00:08]} 61. Bf4 {[%emt 0:00:08]} Nd3 {[%emt 0:00:01]} 62. Be3 {[%emt 0:00:01]} Nb4 {[%emt 0:00:03]} 63. g6+ {[%emt 0:00:03]} Kh8 {[%emt 0:00:01]} 64. g7+ {[%emt 0:00:17]} 1-0

[Event "RUS-chT Rapid Men 2018"]
[Site "Sochi"]
[Date "2018.10.08"]
[Round "5"]
[White "Remizov, Yaroslav"]
[Black "Khanin, Semen"]
[Result "0-1"]
[WhiteElo "2315"]
[BlackElo "2510"]
[Annotator "RC"]
[PlyCount "114"]
[EventDate "2018.10.05"]
[EventType "swiss"]
[EventCountry "RUS"]
[SourceTitle "playchess.com"]
[Source "ChessBase"]
[SourceQuality "1"]
[TimeControl "900+10"]

1. e4 {[%emt 0:00:00]} e5 {[%emt 0:00:00]} 2. Nf3 {[%emt 0:00:00]} Nc6 {[%emt 0:00:00]} 3. Nc3 {[%emt 0:00:00]} Nf6 {[%emt 0:00:03]} 4. Be2 {[%emt 0:00:00]} Bb4 {[%emt 0:00:46]} 5. Nd5 {[%emt 0:00:00]} Bc5 {[%emt 0:00:02]} 6. d3 {[%emt 0:01:20]} h6 {[%emt 0:00:02]} 7. c3 {[%emt 0:00:41]} a6 {[%emt 0:01:18]} 8. d4 {[%emt 0:02:18]} Ba7 {[%emt 0:00:11]} 9. dxe5 {[%emt 0:01:45]} Nxe4 {[%emt 0:00:04]} 10. Qc2 {[%emt 0:00:12]} Nxf2 {[%emt 0:00:59]} 11. Rf1 {[%emt 0:00:01]} d6 {[%emt 0:00:27]} 12. Rxf2 {[%emt 0:04:52]} Bxf2+ {[%emt 0:00:02]} 13. Kxf2 {[%emt 0:00:00]} dxe5 {[%emt 0:00:02]} 14. Nb4 {[%emt 0:00:21]} Nxb4 15. cxb4 O-O {[%emt 0:01:02]} 16. Be3 {[%emt 0:00:17]} Re8 {[%emt 0:02:15]} 17. Rd1 {[%emt 0:01:20]} Qe7 {[%emt 0:00:01]} 18. Qe4 {[%emt 0:01:25]} Qf6 {[%emt 0:01:10]} 19. Bd3 {[%emt 0:01:36]} g6 {[%emt 0:00:51]} 20. Bxh6 {[%emt 0:00:01]} Bf5 {[%emt 0:00:05]} 21. Qh4 {[%emt 0:00:01]} Qxh4+ {[%emt 0:00:26]} 22. Nxh4 {[%emt 0:00:01]} Bxd3 {[%emt 0:00:29]} 23. Rxd3 {[%emt 0:00:00]} Rad8 {[%emt 0:00:02]} 24. Rxd8 {[%emt 0:00:15]} Rxd8 {[%emt 0:00:01]} 25. Nf3 {[%emt 0:00:21]} f6 {[%emt 0:00:09]} 26. Be3 {[%emt 0:00:12]} Rd1 {[%emt 0:00:28]} 27. Nd2 {[%emt 0:00:59]} Ra1 {[%emt 0:00:57]} 28. a3 {[%emt 0:01:20]} Ra2 {[%emt 0:00:02]} 29. b3 {[%emt 0:00:11]} Rxa3 {[%emt 0:00:02]} 30. Ke2 {[%emt 0:00:03]} Kf7 {[%emt 0:00:13]} 31. Kd3 {[%emt 0:00:16]} Ra1 {[%emt 0:00:11]} 32. Ne4 {[%emt 0:00:20]} f5 {[%emt 0:00:07]} 33. Nc3 {[%emt 0:00:10]} Rh1 {[%emt 0:00:25]} 34. h3 {[%emt 0:00:08]} Rh2 {[%emt 0:00:01]} 35. b5 {[%emt 0:00:06]} Rxg2 {[%emt 0:00:07]} 36. bxa6 {[%emt 0:00:01]} bxa6 {[%emt 0:00:02]} 37. Nd5 {[%emt 0:00:04]} Rg3 {[%emt 0:00:05]} 38. Ke2 {[%emt 0:00:23]} Rxh3 {[%emt 0:00:02]} 39. Nxc7 {[%emt 0:00:02]} f4 {[%emt 0:00:02]} 40. Bd2 {[%emt 0:00:08]} Rxb3 {[%emt 0:00:03]} 41. Nxa6 {[%emt 0:00:01]} Kf6 {[%emt 0:00:08]} 42. Nc5 {[%emt 0:00:02]} Ra3 {[%emt 0:00:09]} 43. Bb4 {[%emt 0:00:27]} Re3+ {[%emt 0:00:13]} 44. Kf2 {[%emt 0:00:00]} g5 {[%emt 0:00:05]} 45. Bd2 {[%emt 0:00:09]} Ra3 {[%emt 0:00:06]} 46. Bc1 {[%emt 0:00:04]} Ra2+ {[%emt 0:00:02]} 47. Ke1 {[%emt 0:00:17]} g4 {[%emt 0:00:05]} 48. Ne4+ {[%emt 0:00:05]} Kf5 {[%emt 0:00:05]} 49. Nd6+ {[%emt 0:00:01]} Ke6 {[%emt 0:00:01]} 50. Ne4 {[%emt 0:00:02]} Ra1 {[%emt 0:00:04]} 51. Kd2 {[%emt 0:00:34]} g3 {[%emt 0:00:02]} 52. Kc2 {[%emt 0:00:32]} g2 {[%emt 0:00:39]} 53. Ng5+ {[%emt 0:00:02]} Kf5 {[%emt 0:00:02]} 54. Nf3 {[%emt 0:00:08]} Kg4 {[%emt 0:00:16]} 55. Ng1 {[%emt 0:00:24]} Rxc1+ {[%emt 0:00:12]} 56. Kxc1 {[%emt 0:00:01]} f3 {[%emt 0:00:01]} 57. Kd2 {[%emt 0:00:18]} f2 {[%emt 0:00:02]} 0-1

[Event "RUS-chT Rapid Men 2018"]
[Site "Sochi"]
[Date "2018.10.08"]
[Round "5"]
[White "Chos, Alexey"]
[Black "Gogolev, Artem"]
[Result "1-0"]
[WhiteElo "2296"]
[BlackElo "2389"]
[Annotator "NA"]
[PlyCount "59"]
[EventDate "2018.10.05"]
[EventType "swiss"]
[EventCountry "RUS"]
[SourceTitle "playchess.com"]
[Source "ChessBase"]
[SourceQuality "1"]
[TimeControl "900+10"]

1. e4 {[%emt 0:00:00]} c5 {[%emt 0:00:00]} 2. Nf3 {[%emt 0:00:00]} Nf6 {[%emt 0:00:00]} 3. Nc3 {[%emt 0:00:00]} d5 {[%emt 0:00:00]} 4. exd5 {[%emt 0:00:00]} Nxd5 {[%emt 0:00:00]} 5. Bc4 {[%emt 0:00:04]} Nxc3 {[%emt 0:00:01]} 6. bxc3 {[%emt 0:00:01]} Nc6 {[%emt 0:00:02]} 7. O-O {[%emt 0:00:03]} e6 {[%emt 0:00:02]} 8. d4 {[%emt 0:00:56]} Be7 {[%emt 0:00:05]} 9. Qe2 {[%emt 0:01:20]} Qc7 {[%emt 0:02:11]} 10. Rd1 {[%emt 0:03:51]} O-O {[%emt 0:00:28]} 11. Be3 {[%emt 0:00:44]} b6 {[%emt 0:02:25]} 12. d5 {[%emt 0:00:24]} exd5 {[%emt 0:00:05]} 13. Bxd5 {[%emt 0:00:02]} Bb7 {[%emt 0:02:49]} 14. Ng5 Na5 {[%emt 0:03:56]} 15. Qg4 {[%emt 0:03:22]} Bxd5 {[%emt 0:01:21]} 16. Rxd5 {[%emt 0:00:03]} Rad8 {[%emt 0:00:31]} 17. Rad1 {[%emt 0:00:31]} Rxd5 {[%emt 0:00:40]} 18. Rxd5 {[%emt 0:00:07]} Rd8 {[%emt 0:00:52]} 19. Qe4 {[%emt 0:00:24]} Bxg5 {[%emt 0:01:07]} 20. Bxg5 {[%emt 0:00:04]} Rf8 {[%emt 0:01:07]} 21. h4 {[%emt 0:00:38]} Qc6 {[%emt 0:00:06]} 22. c4 {[%emt 0:01:07]} h6 {[%emt 0:00:03]} 23. Bd2 {[%emt 0:00:16]} Re8 {[%emt 0:00:08]} 24. Qd3 {[%emt 0:00:25]} Qa4 {[%emt 0:00:25]} 25. Bc3 {[%emt 0:01:38]} Qxc4 {[%emt 0:00:27]} 26. Qg3 {[%emt 0:00:26]} g6 {[%emt 0:00:01]} 27. Re5 {[%emt 0:00:45]} Rxe5 {[%emt 0:00:20]} 28. Qxe5 {[%emt 0:00:05]} Kf8 {[%emt 0:00:01]} 29. Qd6+ {[%emt 0:00:08]} Ke8 {[%emt 0:00:02]} 30. Bf6 {[%emt 0:00:02]} 1-0